Mixed Word: 5 Letter A-Z IX Quiz Stats

Quiz Updated Feb 15, 2012

Challenge
Share
Tweet
Embed
Score 0/26 Timer 02:00
0 Plays Today
Mixed Word Answer % Correct
MOARAAROMA
97%
TEBDUDEBUT
94.2%
JABONBANJO
90%
NEFOLFELON
87.7%
NICHACHAIN
85%
LUQILQUILL
83.7%
NEEVSSEVEN
80.4%
REMBEEMBER
77.2%
XILEPPIXEL
74%
RADNGGRAND
73.5%
YONNLNYLON
72.8%
LE-LOJJELL-O
72.4%
LEVOWVOWEL
68%
Mixed Word Answer % Correct
WISTRWRIST
67.4%
RIATATIARA
66.6%
SOKUDKUDOS
65%
MICUSMUSIC
63.4%
RABLOLABOR
60.6%
SOSAIOASIS
56.7%
SOZENZONES
51.8%
TEPSUUPSET
44.3%
LOSEHHOLES
44.2%
LERANRENAL
43.8%
NEYARYEARN
39%
CIINOIONIC
28%
BEEXCXEBEC
21.3%

You're not logged in!

Compare scores with friends on all Sporcle quizzes.
Join for Free
OR
Log In

You Might Also Like...

Show Comments

Extras

Top Quizzes Today


Score Distribution

Your Account Isn't Verified!

In order to create a playlist on Sporcle, you need to verify the email address you used during registration. Go to your Sporcle Settings to finish the process.

Report this User

Report this user for behavior that violates our Community Guidelines.

Details: